<?xml version="1.0" encoding="UTF-8"?>
<record
    xmlns:xsi="http://www.w3.org/2001/XMLSchema-instance"
    xsi:schemaLocation="http://www.loc.gov/MARC21/slim http://www.loc.gov/standards/marcxml/schema/MARC21slim.xsd"
    xmlns="http://www.loc.gov/MARC21/slim">

  <leader>01123nam a2200265Ia 4500</leader>
  <controlfield tag="001">2151</controlfield>
  <controlfield tag="008">230305s2009    xx            000 0 und d</controlfield>
  <datafield tag="020" ind1=" " ind2=" ">
    <subfield code="a">5051890015341</subfield>
  </datafield>
  <datafield tag="043" ind1=" " ind2=" ">
    <subfield code="a">en_UK</subfield>
  </datafield>
  <datafield tag="041" ind1=" " ind2=" ">
    <subfield code="a">ger</subfield>
  </datafield>
  <datafield tag="245" ind1=" " ind2="0">
    <subfield code="a">Blind side</subfield>
    <subfield code="b">die grosse Chance</subfield>
  </datafield>
  <datafield tag="260" ind1=" " ind2=" ">
    <subfield code="a"></subfield>
    <subfield code="b">Warner Bros,</subfield>
    <subfield code="c">2009</subfield>
  </datafield>
  <datafield tag="300" ind1=" " ind2=" ">
    <subfield code="a">1 Disco DVD</subfield>
  </datafield>
  <datafield tag="520" ind1=" " ind2=" ">
    <subfield code="a">Basada en hechos reales. Michael Oher, un joven negro sin hogar, es acogido por una familia blanca, dispuesta a darle todo su apoyo para que pueda triunfar tanto como jugador de f&#xFA;tbol americano como en su vida privada. Por su parte, Oher tambi&#xE9;n influir&#xE1; con su presencia en la vida de la familia Touhy</subfield>
  </datafield>
  <datafield tag="590" ind1=" " ind2=" ">
    <subfield code="b">Idiomas disponibles: ingl&#xE9;s, alem&#xE1;n, espa&#xF1;ol. Subt&#xED;tulos disponibles: espa&#xF1;ol, dan&#xE9;s, fin&#xE9;s, portugu&#xE9;s y suizo. Subt&#xED;tulos disponibles para sordos: ingl&#xE9;s y alem&#xE1;n.</subfield>
  </datafield>
  <datafield tag="650" ind1=" " ind2="0">
    <subfield code="a">Feature films</subfield>
    <subfield code="9">26078</subfield>
  </datafield>
  <datafield tag="700" ind1=" " ind2=" ">
    <subfield code="a">Hancock, John L.,</subfield>
    <subfield code="e">Author</subfield>
    <subfield code="9">21811</subfield>
  </datafield>
  <datafield tag="902" ind1=" " ind2=" ">
    <subfield code="a">178</subfield>
  </datafield>
  <datafield tag="905" ind1=" " ind2=" ">
    <subfield code="a">m</subfield>
  </datafield>
  <datafield tag="911" ind1=" " ind2=" ">
    <subfield code="a">https://biblioteca.tbs-education.es/portadas/5051890015341.jpg</subfield>
  </datafield>
  <datafield tag="912" ind1=" " ind2=" ">
    <subfield code="a">2009-01-01</subfield>
  </datafield>
  <datafield tag="942" ind1=" " ind2=" ">
    <subfield code="a">1</subfield>
  </datafield>
  <datafield tag="952" ind1=" " ind2=" ">
    <subfield code="0">0</subfield>
    <subfield code="1">0</subfield>
    <subfield code="4">0</subfield>
    <subfield code="7">0</subfield>
    <subfield code="a">TBS</subfield>
    <subfield code="b">TBS</subfield>
    <subfield code="c">26</subfield>
    <subfield code="d">2018-04-27</subfield>
    <subfield code="l">0</subfield>
    <subfield code="o">DVD HAN</subfield>
    <subfield code="p">DVD HAN (Bli)-1</subfield>
    <subfield code="r">2018-04-27</subfield>
    <subfield code="w">2023-03-05</subfield>
    <subfield code="y">14</subfield>
  </datafield>
  <datafield tag="953" ind1=" " ind2=" ">
    <subfield code="d">2018-04-27 14:35:42</subfield>
  </datafield>
  <datafield tag="999" ind1=" " ind2=" ">
    <subfield code="c">2091</subfield>
    <subfield code="d">2091</subfield>
  </datafield>
</record>
